| 000 -LEADER |
| fixed length control field |
00465cam a22001217a 4500 |
| 008 - FIXED-LENGTH DATA ELEMENTS--GENERAL INFORMATION |
| fixed length control field |
180718b1959 xxu||||| |||| 00| 0 eng d |
| 082 ## - DEWEY DECIMAL CLASSIFICATION NUMBER |
| Classification number |
K78x54 In2/3 |
| 245 ## - TITLE STATEMENT |
| Title |
Third annual conference: morale in the public services and improving city government, New Delhi, April 26, 1959 |
| 260 ## - PUBLICATION, DISTRIBUTION, ETC. |
| Place of publication, distribution, etc. |
New Delhi |
| Name of publisher, distributor, etc. |
Indian Institute of Public Administration |
| Date of publication, distribution, etc. |
1959 |
| 300 ## - PHYSICAL DESCRIPTION |
| Extent |
48p. |
| 650 ## - SUBJECT ADDED ENTRY--TOPICAL TERM |
| Topical term or geographic name entry element |
Employees incentives - India |
| 700 ## - ADDED ENTRY--PERSONAL NAME |
| Personal name |
Indian Institute of Public Administration |